00265nam a2200109Ia 4500008004100000041001200041100001400053245006300067260000600130650000600136700001300142221030s9999 xx 000 0 und d aEnglish aK. Avedal 0aProfessional JSP Java Server Pagescby K. Avedal, D. Ayers c0 aB aD. Ayers